00979nam a22002537a 4500003000400000005001700004008004100021040002200062082001500084100002900099245003500128260004100163300001800204490000900222505015900231650004200390650004700432650004400479650004400523650004600567651005100613700003200664700002900696OSt20230719133239.0221006b |||||||| |||| 00| 0 eng d cBiblioteca Lado V a700bM269l aMancia, Henry A.eeditor aLiterArte/bCultura y Critica/ c1999bSociedad de las ArtesaHoduras c22x28cma70p. a7v2 aINDICEgARMANDO LARA: ESCENCIA PLASTICA CONTEMPORANEA REFLEXION A DOS TEMAS.../FOROGRAFIA EL SURREALISMO/CRITICA HACIA UN NUEVO CONTRATO SOCIAL/ENSAYO 2Tesauro de Arte & ArquitecturaaARTE  2Tesauro de Arte & ArquitecturaaLITERATURA 2Tesauro de Arte & ArquitecturaaCULTURA 2Tesauro de Arte & ArquitecturaaCRITICA 2Tesauro de Arte & ArquitecturaaESPAÑOL 2Tesauro de Arte & ArquitecturaaAMERICA LATINA aBustillo, Mariselaeeditora aPadilla, Luis H.eeditor